NFL: The Top 100 Players of 2013 - Statistics

General Stats
  • This quiz has been taken 3,984 times
  • The average score is 60 of 100
Answer Stats
# Answer 2012 Team Position % Correct
1 Adrian Peterson Minnesota Vikings RB
99%
2 Peyton Manning Denver Broncos QB
99%
4 Tom Brady New England Patriots QB
99%
6 Aaron Rodgers Green Bay Packers QB
98%
3 Calvin Johnson Detroit Lions WR
98%
43 Eli Manning New York Giants QB
98%
14 Andre Johnson Houston Texans WR
97%
33 Patrick Peterson Arizona Cardinals CB
97%
62 Chris Johnson Tennessee Titans RB
96%
59 Derrick Johnson Kansas City Chiefs OLB
96%
5 J. J. Watt Houston Texans DE
96%
11 Drew Brees New Orleans Saints QB
93%
17 Matt Ryan Atlanta Falcons QB
88%
26 Julio Jones Atlanta Falcons WR
87%
16 A. J. Green Cincinnati Bengals WR
86%
88 Jacoby Jones Baltimore Ravens WR
86%
19 Joe Flacco Baltimore Ravens QB
86%
51 Russell Wilson Seattle Seahawks QB
86%
23 Andrew Luck Indianapolis Colts QB
84%
24 Marshawn Lynch Seattle Seahawks RB
84%
9 Von Miller Denver Broncos OLB
84%
25 Rob Gronkowski New England Patriots TE
83%
22 Larry Fitzgerald Arizona Cardinals WR
82%
7 Aldon Smith San Francisco 49ers OLB
81%
97 Heath Miller Pittsburgh Steelers TE
81%
29 Justin Smith San Francisco 49ers DE
81%
84 Steve Smith Carolina Panthers WR
81%
68 Demaryius Thomas Denver Broncos WR
80%
66 Earl Thomas Seattle Seahawks FS
80%
28 Joe Thomas Cleveland Browns OT
80%
15 Robert Griffin III Washington Redskins QB
80%
20 Jamaal Charles Kansas City Chiefs RB
79%
46 Cam Newton Carolina Panthers QB
78%
50 Richard Sherman Seattle Seahawks CB
78%
18 Ed Reed Baltimore Ravens FS
76%
35 Dez Bryant Dallas Cowboys WR
75%
13 Ray Rice Baltimore Ravens RB
75%
8 Arian Foster Houston Texans RB
74%
32 Frank Gore San Francsico 49ers RB
72%
45 LeSean McCoy Philadelphia Eagles RB
71%
92 Gerald McCoy Tampa Bay Buccaneers DT
70%
41 Jason Witten Dallas Cowboys TE
69%
76 Matthew Stafford Detroit Lions QB
68%
10 Patrick Willis San Francisco ILB
68%
31 Clay Matthews Green Bay Packers OLB
67%
21 Reggie Wayne Indianapolis Colts WR
66%
61 Ben Roethlisberger Pittsburgh Steelers QB
64%
40 Ndamukong Suh Detroit Lions DT
64%
27 Brandon Marshall Chicago Bears WR
63%
39 Roddy White Atlanta Falcons WR
63%
67 Darrelle Revis New York Jets CB
62%
38 Vernon Davis San Francisco 49ers TE
62%
73 Antonio Gates San Diego Chargers TE
61%
47 Tony Gonzalez Atlanta Falcons TE
61%
52 Vincent Jackson Tampa Bay Buccaneers WR
61%
58 Victor Cruz New York Giants WR
60%
12 DeMarcus Ware Dallas Cowboys OLB
59%
44 Wes Welker New England Patriots WR
59%
72 Mario Williams Buffalo Bills DE
57%
99 Trent Williams Washington Redskins OT
57%
56 Terrell Suggs Baltimore Ravens OLB
55%
81 Colin Kaepernick San Francisco 49ers QB
54%
57 Doug Martin Tampa Bay Buccaneers RB
54%
77 Aaron Hernandez New England Patriots TE
50%
37 NaVorro Bowman San Francisco 49ers ILB
50%
36 Geno Atkins Cincinnati Bengals DT
48%
60 Jared Allen Minnesota Vikings DE
47%
64 Alfred Morris Washington Redskins RB
45%
53 Champ Bailey Denver Broncos CB
45%
79 Luke Kuechly Carolina Panthers MLB
44%
65 Dwayne Bowe Kansas City Chiefs WR
41%
98 Maurice Jones-Drew Jacksonville Jaguars RB
41%
49 Justin Houston Kansas City Chiefs OLB
40%
91 Troy Polamalu Pittsburgh Steelers SS
40%
48 Duane Brown Houston Texans OT
39%
34 Charles Tillman Chicago Bears CB
38%
55 Jason Pierre-Paul New York Giants DE
38%
85 Charles Woodson Green Bay Packers CB/SS
37%
42 Haloti Ngata Baltimore Ravens DT
37%
54 Julius Peppers Chicago Bears DE
36%
74 Robert Mathis Indianapolis Colts OLB/DE
33%
89 Cameron Wake Miami Dolphins DE
30%
80 Dwight Freeney Indianapolis Colts DE
30%
71 Trent Richardson Cleveland Browns RB
29%
93 Anquan Boldin Baltimore Ravens WR
28%
30 Vince Wilfork New England Patriots DE
28%
78 Joe Staley San Francisco 49ers OT
27%
100 Dennis Pitta Baltimore Ravens TE
26%
90 Percy Harvin Minnesota Vikings WR
23%
69 Tim Jennings Chicago Bears CB
22%
95 Max Unger Seattle Seahawks C
20%
83 Lance Briggs Chicago Bears OLB
17%
75 Brandon Flowers Kansas City Chiefs CB
16%
82 Logan Mankins New England Patriots G
15%
86 London Fletcher Washington Redskins ILB
15%
70 Chad Greenway Minnesota Vikings OLB
14%
63 Stephen Tulloch Detroit Lions MLB
12%
94 Daryl Washington Arziona Cardinals ILB
8%
96 Dashon Goldson San Francisco 49ers FS
8%
87 Bernard Pollard Baltimore Ravens SS
6%
No matching quizzes found
Score Distribution
Percent of People with Each Score
Percentile by Number Answered
Your Score History
You have not taken this quiz